[Event "Reykjavik Hrokurinn"]
[Site "Reykjavik"]
[Date "2003.02.22"]
[Round "5"]
[White "McShane, Luke J"]
[Black "Stefansson, Hannes"]
[Result "1-0"]
[WhiteElo "2568"]
[BlackElo "2569"]
[Annotator "McShane,L"]
[PlyCount "55"]
[EventDate "2003.02.18"]
[EventType "tourn"]
[EventRounds "9"]
[EventCountry "ISL"]
[EventCategory "15"]
[SourceTitle "CBM 094"]
[Source "ChessBase"]
[SourceDate "2003.05.26"]
[SourceVersion "1"]
[SourceVersionDate "2003.05.26"]
[SourceQuality "1"]

1. e4 {Wedberg} e5 2. Nf3 Nc6 3. Bb5 a6 4. Ba4 Nf6 5. O-O Be7 6. Re1 b5 7. Bb3
d6 8. c3 O-O 9. h3 Bb7 10. d4 Re8 11. Nbd2 Bf8 12. d5 {'!?' Wedberg. Wedberg:
'This is a good alternative to the main line starting with:'} (12. a4 {Wedberg}
h6 13. Bc2 exd4 14. cxd4 Nb4 15. Bb1 c5 16. d5 Nd7 17. Ra3 {here both} c4 ({and
} 17... f5 {offers reasonable chances for Black.})) 12... Nb8 (12... Na5 {
Wedberg} 13. Bc2 c6 14. b4 Nc4 15. Nxc4 bxc4 16. dxc6 Bxc6 17. Bg5 h6 18. Bxf6
Qxf6 19. Ba4 $14 {White enjoys a stable advantage due to Black's weak
d5-square. 1-0 Zagrebelny,S-Husari,S/Cappelle la Grande 2002/CBM 86 ext (44). 
(43)}) (12... Ne7 {Wedberg} 13. Nf1 h6 {An important move to avoid the
exchange Bg5xf6. The fight is over d5.} 14. N3h2 c6 15. Ng4 Nxg4 16. hxg4 cxd5
17. exd5 Qd7 18. Ng3 a5 19. a3 a4 20. Ba2 Rac8 21. Ne4 Rc4 $1 $13 {1/2-1/2
Dominguez,L-Morovic Fernandez,I/Havana 2002/CBM 89/[Wells] (27)}) 13. Nf1 Nbd7
14. N3h2 Nc5 (14... c6 {is the other main move.}) 15. Bc2 c6 (15... a5 {
is also played now.}) 16. b4 Ncd7 17. dxc6 Bxc6 18. Bg5 {'+/=!' Wedberg.
Wedberg: 'Once White has exchanged his black-squared B for the N on f6 he has
three minor pieces that can occupy d5 - Black only has two.'} h6 (18... Qc8 19.
Bxf6 Nxf6 20. Ng4 Nxg4 21. hxg4 Bd7 22. Ne3 Qxc3 23. Nd5 {[%csl Gb3,Gd5,Gg5,
Rh7][%cal Yc2b3,Yg4g5,Yd1h5,Ye1e3,Ye3h3] White has had extremely good results
with this pawn sacrifice.}) 19. Bxf6 Nxf6 20. Ng4 Nxg4 21. Qxg4 d5 {'?!'
Wedberg. Wedberg: 'Hannes follows in the footsteps of Ponomariov, who tried
the same break against Adams in Linares last year. But it's a risky plan
giving White excellent piece play.'} (21... Bd7 $142 $14 {[%cal Ya8c8,Yd7e6]
Wedberg}) 22. exd5 Qxd5 (22... Bxd5 23. Rad1 Ra7 24. Ne3 Rd7 25. Nxd5 Rxd5 26.
Qe4 $18 {[%csl Rd5,Rg8][%cal Ye4h7,Ye4d5]}) 23. Bb3 Qd7 $2 {With this move
Hannes offered a draw. Perhaps already though it is a serious error.} (23...
Qd6 {This was later suggested as an improvement by Hannes.} 24. Ne3 (24. Qf5 $5
Qf6 {Black has alternatives, admittedly} 25. Qxf6 gxf6 26. Ne3) 24... Rad8 25.
Rad1 Qc7 26. Qh5 Rxd1 27. Rxd1 Bb7 28. Nf5 Bc8 29. Qg6 Bxf5 30. Qxf5 Re7 31.
Rd3 {1-0 BRUTUS-SJENG MAASTRICHT/Maastricht NED 2002}) (23... Qd8 24. Qh5 Ra7
25. Rxe5 Rxe5 26. Qxe5 Qg5 27. Qxg5 hxg5 $16 {Adams-Ponomariov, Linares 2002})
(23... Qd3 24. Rad1 $1 (24. Re3 $36) 24... Qh7 $16 (24... Qxc3 25. Rc1 $18 {
[%csl Rc6]})) 24. Qh5 {Wedberg: 'White has strong pressure against f7 and e5 -
and it can be increased.'} a5 $6 {This loses time and puts the rook on a worse
square, but in any case White is clearly better.} 25. bxa5 Qe7 {'?' Wedberg.} (
25... Qb7 $142 {Wedberg} 26. Ne3 Rxa5 27. Ng4 Bd5 $14) 26. Ne3 Rxa5 27. Ng4 {
[%csl Gb3,Rc6,Re5,Rg8][%cal Yh5g6,Yg4h6,Gb3g8,Yg4e5] Now there are simply too
many threats It is important that I threaten Qg6 and only then Nxh6+, since
this wins more material than the other way round. Wedberg: 'White is winning.
This was an easy game for the young grand master. All in all he only had to
play four moves on his own - and the first was given in the analysis of
Adams-Ponomariov.'} Rd8 28. Nxe5 $1 {[%csl Rc6,Ge5,Rf7][%cal Ye5f7,Ye5c6]} (28.
Bxf7+ {was tempting, but} Kh8 29. Nxe5 Qf6 {and I am 'only' 2 pawns up.}) (28.
Qg6 Be8 $1 (28... Bd5 29. Bxd5 Rxd5 30. Nxh6+ Kh8 31. Nxf7+ Kg8 32. Ng5 $18 {
[%csl Rg8][%cal Yg6h7]}) 29. Nxh6+ Kh8 30. Nxf7+ {and again i am 'only' 2
pawns up.}) (28. Nxe5 Bd5 29. Nc6 $1 $18 {[%csl Ra5,Rd5,Rd8,Re7][%cal Ye1e7]})
1-0

[Event "URS-ch48 First League"]
[Site "Tashkent"]
[Date "1980.10.??"]
[Round "?"]
[White "Tseshkovsky, Vitaly"]
[Black "Beliavsky, Alexander G"]
[Result "0-1"]
[WhiteElo "2595"]
[BlackElo "2590"]
[Annotator "Moiseev,V"]
[PlyCount "82"]
[EventDate "1980.10.02"]
[EventType "tourn"]
[EventRounds "17"]
[EventCountry "URS"]
[EventCategory "10"]
[SourceTitle "MCL"]
[Source "ChessBase"]
[SourceDate "1999.07.01"]
[SourceVersion "1"]
[SourceVersionDate "1999.07.01"]
[SourceQuality "1"]

1. e4 e5 2. Nf3 Nc6 3. Bb5 a6 4. Ba4 Nf6 5. O-O Be7 6. Re1 b5 7. Bb3 d6 8. c3
O-O 9. h3 Bb7 10. d4 Re8 11. Nbd2 Bf8 12. Bc2 g6 13. b3 $6 d5 $1 (13... Bg7 14.
d5 Nb8 15. Nf1 c6 16. c4 cxd5 17. cxd5 Nbd7 18. Be3 Rc8 19. a4 Nc5 20. N3d2
bxa4 21. b4 $1 Nb3 22. Rxa4 Nd4 23. Bd3 $16 {Karpov,An-Balashov,Y/URS/1976/1:0/
(43) Inf 22/320/}) (13... Nb8 14. a4 Nbd7 15. Bd3 c6 16. Bb2 Bg7 17. Qc2 Rb8
18. Bf1 Ba8 19. b4 Qc8 $10 {Byrne,R-Karpov,An/Bugoino/1978/}) 14. dxe5 (14.
exd5 $5 Nxd5 (14... Qxd5 $6 15. Ne4) 15. Ne4 exd4 (15... f5 16. Bg5 Be7 17.
Bxe7 Qxe7 18. Nc5) 16. Bg5 Be7 17. Bxe7 Rxe7 18. cxd4 Ncb4 $13) 14... Nxe5 15.
Nxe5 Rxe5 16. Nf3 $6 (16. f4 Bc5+ 17. Kh2 Rxe4 18. Nxe4 dxe4 19. Be3 Bxe3 20.
Rxe3 Nd5 $44 {Huebner,R-Beliavsky,A/Tilburg/1986/0,5/ (33) Inf 42/436/}) 16...
Rxe4 17. Bxe4 Nxe4 18. Bb2 Bg7 19. Qc2 Qf6 20. b4 (20. Rac1 b4) 20... c5 21.
bxc5 Nxc5 22. Re2 Rc8 23. Rae1 Ne4 24. Qd3 Qb6 25. Nd4 h5 $1 26. Ba1 (26. f3 $2
Nxc3 27. Re8+ (27. Bxc3 Rxc3 $1) 27... Kh7 $1 28. Rxc8 Qxd4+ 29. Qxd4 Bxd4+ 30.
Kf1 Bxc8 31. Rc1 b4 $19) 26... Rc4 27. Nc2 $6 (27. Rb1 $142) 27... Qc7 28. Ne3
Rc5 29. Nd1 Bf6 30. Bb2 Qc6 31. Ba3 Rc4 32. Bb4 Kg7 33. a3 (33. Ne3 Nxc3 $1 34.
Nxc4 dxc4 $19) 33... Qc7 $1 34. Ne3 a5 35. Nxd5 Bxd5 36. Qxd5 axb4 37. Rxe4
Rxe4 38. Rxe4 bxc3 39. Qd1 (39. Re1 c2 40. Qd2 Bb2 $19) 39... Qc5 40. Qc1 Bg5
41. Qa1 f6 0-1

[Event "Olympiad-31"]
[Site "Moscow"]
[Date "1994.12.08"]
[Round "7.1"]
[White "Ivanchuk, Vassily"]
[Black "Hjartarson, Johann"]
[Result "1-0"]
[WhiteElo "2695"]
[BlackElo "2585"]
[Annotator "Moiseev,V"]
[PlyCount "51"]
[EventDate "1994.12.01"]
[EventType "team-swiss"]
[EventRounds "14"]
[EventCountry "RUS"]
[SourceTitle "CBM 045"]
[Source "ChessBase"]
[SourceDate "1995.04.01"]
[SourceVersion "1"]
[SourceVersionDate "1995.04.01"]
[SourceQuality "1"]
[WhiteTeam "Ukraine"]
[BlackTeam "Iceland"]
[WhiteTeamCountry "UKR"]
[BlackTeamCountry "ISL"]

1. e4 {Wedberg Ftacnik} e5 2. Nf3 Nc6 3. Bb5 a6 4. Ba4 Nf6 5. O-O Be7 6. Re1 b5
7. Bb3 d6 8. c3 O-O 9. h3 Bb7 10. d4 Re8 11. Nbd2 Bf8 12. d5 Nb8 (12... Na5 $6)
(12... Ne7) 13. Nf1 Nbd7 14. Ng3 Nc5 (14... g6 {Wedberg,T} 15. Be3 Nc5 16. Bc2
c6 17. b4 Ncd7 18. dxc6 Bxc6 19. Bb3 Nb6 20. Qd3 Rb8 21. Rad1 $14 {Short,
N-Ivanchuk,V/Amsterdam/1994}) 15. Bc2 a5 (15... c6 $5 16. b4 Ncd7 17. dxc6 Bxc6
18. Bb3 h6 $1 (18... Nb6 19. Bg5 (19. Qd3 a5 20. bxa5 Rxa5 21. Be3 Na4 22. Bg5
Nb2 23. Qd2 Nc4 24. Qe2 $10 {Sisniega,M-Ivanov,AV/Linares NL/1992/0-1 (40)}))
19. Nh2 Nb6 $13 {Wang,Z-Wu,S/China(ch)/1993/0,5/61/} (19... Nb6 {Ftacnik} 20.
Ng4 Nc4 21. a4 Nxg4 22. Qxg4 Bd7 23. Nf5 Kh7 24. Qg3 $14 {Tseshkovsky,
V-Timoshchenko,G/Tashkent/1987/1/2-1/2/50/})) (15... g6 {Ftacnik} 16. Nh2 h6
17. Qf3 Bg7 18. Ng4 Nxg4 19. hxg4 Qe7 20. Nf1 Kh7 21. g3 Rh8 22. Kg2 Bf6 23.
Qe3 Kg7 24. b3 $15 {Ramesh,R-Almasi,Z/Bratislava WchJM-U18 (11)/1993/0-1 (36)})
16. a4 $1 (16. Nh2 g6 17. Qf3 h5 18. Be3 Nfd7 19. Rad1 Qe7 20. Ngf1 Bg7 21. Bc1
{Short,N-Timman,J/Madrid(m/10)/1993/1:0/40/} a4 $1 $13 {Speelman} (21... c6 $2
{Ftacnik} 22. b4 $1 axb4 23. cxb4 Na4 24. dxc6 $14 {Short,N-Timman,J/El
Escorial (m/10)/1993/1-0 (40)})) 16... c6 (16... b4 $6 17. cxb4 axb4 18. Bd2
$16) (16... bxa4 $5 17. Bxa4 (17. Be3 $5) (17. Be3 {Ftacnik} Nfd7 18. Bxa4 $16)
17... Nxa4 18. Qxa4 $14) 17. axb5 cxd5 (17... cxb5 18. b4 $5 $14) 18. exd5 Bxd5
(18... Nxd5 19. c4 $5 (19. Bxh7+ $6 Kxh7 20. Ng5+ Kg8 21. Qh5 Nf6 22. Qxf7+ Kh8
23. Nh5 (23. Nf5 {Wedberg} Re7 $13) 23... Qe7 (23... Bd5 $2 24. Nxf6 $3 Qxf6 (
24... Bxf7 25. Nxf7#) 25. Qxd5 $18) 24. Qg6 (24. Nxf6 gxf6 25. Qh5+ Kg8 $19)
24... Bd5 $17 {/\ 25...Bg8}) (19. Ne4 $1 $36 {Wedberg,T}) 19... Nf6 (19... Nb4
$2 20. Bxh7+ Kxh7 21. Ng5+ Kg8 22. Qh5 $18) (19... Nf4 20. Bxf4 exf4 21. Rxe8
Qxe8 22. Nh5 $16 (22. Bxh7+ Kh8 23. Ng5 f6 $19) 22... Ne6 $2 23. Qd3 $18) 20.
Bg5 h6 21. Bxf6 Qxf6 22. Ne4 Nxe4 (22... Qf4 $2 23. g3 $18) 23. Bxe4 Bxe4 24.
Rxe4 Qe6 25. b3 f5 26. Re1 $16) 19. Bg5 $1 Bc4 $6 (19... Bb7 {>= Wedberg} 20.
c4 $16 {Moiseev}) (19... Bxf3 {Ftacnik} 20. Qxf3 $16) 20. Nd2 $1 Bxb5 21. Nde4
d5 $4 (21... Ncxe4 22. Nxe4 d5 (22... Be7 23. Bxf6 Bxf6 24. Nxd6 $18) 23. Bxf6
(23. Nxf6+ $6 gxf6 24. Qh5 e4) 23... gxf6 24. Qg4+ Kh8 (24... Bg7 25. Ng3 Bd7 (
25... Qe7 26. Nh5 $18) (25... Kh8 26. Bxh7 $1 Kxh7 27. Nf5 Bf8 28. Qh5+ Kg8 29.
Re3 $18) 26. Bf5 $18) 25. Qh5 h6 26. Ng3 $40 (26. Qf5 $6 Bd7 27. Qxf6+ Bg7)) (
21... Ncd7 22. Nxd6 (22. Nh5 $5) 22... Bxd6 23. Qxd6 $16) (21... Rc8 {Ftacnik}
22. Bxf6 gxf6 23. Qg4+ (23. Qh5 Bd3 24. Bxd3 Nxd3 25. Qf5 Bg7 26. Nh5 Re6 27.
Qg4 Qf8 28. Re3 f5 29. Qxf5 Nf4 30. Nxf4 exf4 31. Qxf4 $16) 23... Kh8 24. Nxc5
Rxc5 25. Qe4 f5 26. Qxf5 e4 27. Qxf7 Bc4 28. Qf4 d5 $16) 22. Bxf6 $18 gxf6 23.
Qg4+ (23. Qxd5 {Ftacnik} Ra6 24. Nh5 $16) 23... Kh8 24. Nxc5 Bxc5 25. Bxh7 $1
Qb6 (25... Kxh7 26. Nf5 Bf8 27. Qh5+ Kg8 28. Re3 $18) (25... f5 26. Qh5 (26.
Nxf5 Qf6 27. Qh5 Re6) 26... Qf6 27. Bxf5+ Kg8 28. Qh7+ Kf8 29. Nh5 $18) 26. Nf5
(26. Nf5 {Ftacnik} Rg8 27. Bxg8 $18) 1-0

[Event "Olympiad-29"]
[Site "Novi Sad"]
[Date "1990.11.30"]
[Round "12"]
[White "Mokry, Karel"]
[Black "Lin, Ta"]
[Result "1-0"]
[WhiteElo "2490"]
[BlackElo "2435"]
[Annotator "Mokry,K"]
[PlyCount "120"]
[EventDate "1990.11.17"]
[EventType "team-swiss"]
[EventRounds "14"]
[EventCountry "YUG"]
[SourceTitle "TD"]
[Source "ChessBase"]
[SourceDate "1994.03.01"]
[SourceVersion "1"]
[SourceVersionDate "1994.03.01"]
[SourceQuality "1"]
[WhiteTeam "Czechoslovakia"]
[BlackTeam "China"]
[WhiteTeamCountry "CSR"]
[BlackTeamCountry "CHN"]

1. e4 e5 2. Nf3 Nc6 3. Bb5 a6 4. Ba4 Nf6 5. O-O Be7 6. Re1 b5 7. Bb3 d6 8. c3
O-O 9. h3 Bb7 10. d4 Re8 11. Ng5 Rf8 12. Nf3 Re8 13. a4 h6 14. Nbd2 Bf8 15. d5
Ne7 16. Nh2 Qd7 17. Ng4 Nxg4 18. hxg4 c6 19. Nf1 cxd5 20. exd5 Ng6 $5 {(N, /\
Bf8-e7-g5)} (20... g6) 21. Ng3 Rac8 $6 (21... Be7 $142 {/\ Bg5+/=}) 22. Re4 $1
{/\ Rb4, ><b5} Be7 23. Rb4 Bh4 (23... Bg5 24. Bxg5 hxg5 25. Ne4 f6 26. g3 $16)
24. Nf5 (24. Ne4 $5) 24... Bg5 25. Bxg5 hxg5 26. axb5 axb5 27. Ra7 $16 (27. Ra5
$5 Rc5 28. c4 $1 $16) 27... Red8 $8 (27... Nf4 28. g3 g6 $8 29. Rxb7 Qxb7 30.
Nxd6 $18) (27... Rb8 28. Qf1 {/\ Qb5}) 28. Nxd6 (28. Qf1 $6 Rc5) 28... Qxd6 29.
Rxb7 Rc5 30. R4xb5 $6 (30. Qf3 $142 Nf4 (30... Ne7 31. R4xb5 $18) 31. g3 Qa6
32. d6 $1 Qa1+ 33. Kh2 Rxd6 34. Bxf7+ Kh8 35. gxf4 Rh6+ 36. Bh5) 30... Rxb5 31.
Rxb5 e4 $1 32. Rb4 Re8 33. Qe1 $1 e3 $8 34. fxe3 Nf4 35. Rd4 Qb6 36. d6 $1 $18
Qb7 37. Rd2 Nxg2 38. Rxg2 Qxb3 39. d7 $2 $138 (39. Rd2 $142) 39... Rd8 40. Rd2
Qe6 41. Qe2 (41. Rd4 $6 Rxd7 42. Qd2 $2 Qxg4+ $1) 41... Rxd7 42. Rxd7 Qxd7 43.
b4 Qc7 44. c4 $18 Qg3+ 45. Kh1 Qh3+ 46. Kg1 Qg3+ 47. Kf1 Qh3+ 48. Kf2 Qh2+ (
48... f5 49. Qf3 $18) 49. Ke1 Qg3+ 50. Kd2 Qe5 51. b5 Qe4 52. Kc3 f5 53. Qd3 $1
Qxg4 54. b6 Qg3 55. b7 Qc7 56. Qxf5 {/\ Qc8} Qxb7 57. Qd5+ Qf7 58. Kd3 Kf8 59.
Qd8+ Qe8 60. Qxe8+ Kxe8 1-0

[Event "Chigorin Memorial"]
[Site "St Petersburg"]
[Date "1995.??.??"]
[Round "4"]
[White "Sulskis, Sarunas"]
[Black "Kholmov, Ratmir D"]
[Result "1/2-1/2"]
[WhiteElo "2505"]
[BlackElo "2445"]
[Annotator "Nikitin,A"]
[PlyCount "78"]
[EventDate "1995.09.??"]
[EventType "swiss"]
[EventRounds "9"]
[EventCountry "RUS"]
[SourceTitle "EXT 1997"]
[Source "ChessBase"]
[SourceDate "1996.11.15"]
[SourceVersion "1"]
[SourceVersionDate "1996.11.15"]
[SourceQuality "1"]

1. e4 e5 2. Nf3 Nc6 3. Bb5 a6 4. Ba4 Nf6 5. O-O Be7 6. Re1 b5 7. Bb3 O-O 8. c3
d6 9. h3 Nd7 10. d4 Bf6 11. a4 Rb8 (11... Bb7 12. d5 Ne7 13. axb5 axb5 14. Rxa8
Qxa8 15. Na3 $14) 12. axb5 axb5 13. Be3 (13. d5 Ne7 14. Nbd2 Ng6 15. Nf1 Nh4
16. N1h2 Nxf3+ 17. Nxf3 Nc5 18. Bc2 c6 19. b4 Na6 20. dxc6 Qc7 21. Bb3 Qxc6 22.
Bd5 $1 Qxc3 23. Be3 $1 Qc7 24. Qc1 Bb7 25. Ba7 $1 Bxd5 26. Qxc7 Nxc7 27. Bxb8
Rxb8 28. exd5 Nxd5 $44 {Polgar,J-van der Sterren,P/Wijk aan Zee/1990/1-0/})
13... Bb7 14. Nbd2 exd4 $5 15. cxd4 Nb4 16. Qe2 Re8 17. Bf4 Nf8 18. Qxb5 $1 (
18. Bg3 Ne6 19. Qe3 c5 $132) 18... Bxe4 19. Qxe8 Qxe8 20. Nxe4 Qd7 (20... Qd8
21. Nxf6+ Qxf6 22. Bg5 Qf5 23. Re7 Ne6 $8 24. Bxe6 fxe6 25. Rxc7 Nd5 26. Rd7
Nf6 27. Bxf6 $1 $146) (20... Be7 21. Neg5 Nd3 22. Bxf7+ Qxf7 23. Nxf7 Nxe1 24.
Rxe1 Kxf7 25. Re2 Ne6 26. Be3 Rb5 $14) 21. Nxf6+ gxf6 22. Re3 $146 Qf5 (22...
Ne6 23. Bh6 Ng7 24. Nh4 $40 Kh8 25. Rg3 Rg8 $4 26. Bxg7+ Rxg7 27. Ra8+) 23. Bh6
Qh5 $8 24. Bxf8 Kxf8 25. Ra7 Rc8 26. Rc3 Qf5 27. Raxc7 Rxc7 28. Rxc7 Qb1+ 29.
Kh2 Qxb2 30. Rxf7+ Ke8 31. Be6 $10 Qxf2 32. Rxf6 Nc2 33. Rf7 Nxd4 34. Nxd4 Qxd4
35. Bb3 Qe5+ 36. Kh1 h6 37. Rf3 d5 38. Bc2 d4 39. Bd3 Ke7 1/2-1/2

[Event "St Petersburg op"]
[Site "St Petersburg"]
[Date "1995.??.??"]
[Round "8"]
[White "Aseev, Konstantin N"]
[Black "Solozhenkin, Evgeniy"]
[Result "1-0"]
[WhiteElo "2530"]
[BlackElo "2490"]
[Annotator "Notkin,M"]
[PlyCount "65"]
[EventDate "1995.05.??"]
[EventType "swiss"]
[EventRounds "9"]
[EventCountry "RUS"]
[SourceTitle "CBM 046 Extra"]
[Source "ChessBase"]
[SourceDate "1995.07.01"]
[SourceVersion "1"]
[SourceVersionDate "1995.07.01"]
[SourceQuality "1"]

1. e4 e5 2. Nf3 Nc6 3. Bb5 a6 4. Ba4 Nf6 5. O-O Be7 6. Re1 b5 7. Bb3 d6 8. c3
O-O 9. h3 Bb7 10. d4 Re8 11. a4 h6 12. Nbd2 Bf8 13. Bc2 exd4 14. cxd4 Nb4 15.
Bb1 c5 16. d5 Nd7 17. Ra3 f5 18. Nh2 Kh8 (18... Nf6 19. Rf3 Re5 20. Rxf5 (20.
b3 $5 Nxe4 $6 (20... fxe4 21. Rxf6 Qxf6 22. Ng4 Qf7 23. Nxe5 dxe5 24. Nxe4 Bxd5
25. Qg4 $44 {Dimitrov,V-Brito,A/ESP/1993/1:0/38/}) 21. Nxe4 fxe4 22. Rg3 h5 23.
Rxe4 Nxd5 24. Bb2 Nf6 25. Rf4 $1 $16 {Gruenfeld,Y-Kraidman,Y/Tel Aviv/1992/1:0/
34/}) 20... Rxf5 21. exf5 Bxd5 22. Ne4 $6 (22. Ng4 Bf7 23. Nxf6+ Qxf6 24. Ne4
Qd8 25. Qg4 d5 26. Ng3 Qf6 27. Nh5 Qd4 $13 {Wahls,M-Enigk,F/GER/1993/1:0/41/})
22... Bxe4 23. Bxe4 d5 24. Bf3 c4 25. Re6 Nd3 26. Be3 d4 $1 $17 {Khalifman,
A-Karpov,A-Reggio Emilia/1991/1:0/45/}) 19. g4 $1 (19. Rae3 c4 $1 20. b3 Ne5
21. bxc4 bxc4 22. exf5 Nxd5 23. Rg3 Qb6 24. a5 Qxa5 (24... Qb4 $1 25. Ba3 Qxa5
$17 {Solozhenkin/})) (19. Rg3 Nf6 20. exf5 Rxe1+ 21. Qxe1 Nbxd5 22. Ndf3 Qe8
23. Qd1 Qh5 $1 $15) 19... fxe4 (19... f4 20. Ndf3 g5 21. Bd2 Bg7 22. Bc3 Ne5
23. Nxe5 dxe5 24. Qd2 $16) 20. Nxe4 Nf6 (20... Nxd5 21. g5 Ne5 22. Rg3 $36) 21.
g5 Nxe4 22. Rxe4 Bxd5 23. Rxe8 Qxe8 24. gxh6 gxh6 25. Rg3 Qf7 (25... Bg7 26.
Ng4 $18 (26. Bd2 Qe6 (26... Qf7 27. Bc3 Bxc3 28. bxc3 Nc6 29. Qd2 $18) 27. Bxb4
cxb4 28. Rg6 (28. Qd3 Qg8 29. Ng4 Re8)) 26... Qe6 27. Bd2 Bb7 $13) 26. Ng4 Qh5
(26... Qe6 27. Bd2 Bg7 28. Nxh6 $1 $18) 27. Bd2 Bg7 28. Bc3 (28. Bxb4 cxb4 29.
Qd3 Bg8) 28... Ra7 (28... Rg8 29. Bxb4 cxb4 30. Qd3) 29. Qd2 $1 Qg5 30. Ne3 Qf4
31. Rg4 Qf3 32. Nxd5 Nxd5 33. Qxh6+ 1-0

[Event "FRA-chT2"]
[Site "France"]
[Date "1994.??.??"]
[Round "?"]
[White "Payen, Arnaud"]
[Black "Maric, Alisa"]
[Result "1-0"]
[WhiteElo "2300"]
[BlackElo "2415"]
[Annotator "Payen,A"]
[PlyCount "101"]
[EventDate "1994.??.??"]
[EventType "team"]
[EventRounds "9"]
[EventCountry "FRA"]
[SourceTitle "EXT 2015"]
[Source "ChessBase"]
[SourceDate "2014.11.20"]
[SourceVersion "1"]
[SourceVersionDate "2014.11.20"]
[SourceQuality "1"]

1. e4 e5 2. Nf3 Nc6 3. Bb5 {L'ouverture espagnole qui permet parfois permet de
casser la structure noire par Fxc6.} a6 4. Ba4 (4. Bxc6 dxc6 5. O-O (5. Nxe5 $2
Qd4 6. Nf3 Qxe4+ 7. Qe2 Qxe2+ 8. Kxe2 {Et les noirs n'ont pas de problèmes.})
5... f6 {Fischer-Spassky Ch du monde.}) 4... Nf6 5. O-O Be7 6. Re1 b5 7. Bb3 d6
8. c3 {Le début de la construction d'un centre.} O-O 9. h3 {Un coup de défense
empêchant Fg4 qui exercerait une pression indirecte sur le centre.} Nd7 10. d4
Bf6 {La tension est maintenue au centre.Les noirs font pression sur d4.Voir
Kasparov-Karpov.} 11. a4 Bb7 12. Na3 {Cherchant а faire peur au pion b5 qui
pourrait devenir faible après un échange.} exd4 {Les noirs décident qu'ils
attaqueront le centre avec leurs pièces mais pas avec leurs pions.} 13. cxd4
Re8 14. Qd2 {Un coup très difficile а jouer qui empêche les sauts du cavalier
noir en a5 ou b4.Le plan est maintenant Fc2,b3,Fb2 ce qui résoudrait le
développement du fou c1.} Re7 15. Ra2 $6 (15. Rb1) 15... bxa4 16. Bxa4 Nb6 17.
Bxc6 Bxc6 18. d5 Ba4 $2 {Les pièces noires sont désorganisées.Meilleur était
Fb7 pour ouvrir le jeu par c6.} (18... Bb7 $142 {[%cal Gc7c6]}) 19. Qd3 Nd7 20.
Be3 Rb8 21. Bd4 $1 {Elimine la dangereuse paire de fous.} Bxd4 22. Qxd4 Bb3 23.
Raa1 a5 $6 24. Qc3 $1 {Cède le passage au cavalier blanc vers la superbe case
c6.} Re8 25. Nd4 Qf6 $5 26. Nc6 Qxc3 27. bxc3 Rb6 (27... Ra8 28. Nb5) 28. Nxa5
f5 {Les noirs veulent détruire l'harmonie des pions blancs au centre.} 29. N5c4
Bxc4 30. Nxc4 Rb3 31. exf5 Rxe1+ 32. Rxe1 Rxc3 33. Re7 Rxc4 34. Rxd7 h5 $2 (
34... Rf4 35. g4 h5) 35. g3 $1 Rc5 36. g4 hxg4 37. hxg4 Rxd5 38. Rxc7 Re5 $2 (
38... Rd4 39. f3 Rd2 {Et le roi blanc n'est pas actif.}) 39. Rd7 Rd5 40. Kg2
Rd3 41. f3 Kf8 42. Kg3 d5 43. g5 Rd4 44. f4 Rd1 45. Kg4 d4 46. Kh5 d3 47. Kg6
d2 48. Rd3 Rf1 49. Rxd2 Rxf4 50. Rd8+ Ke7 51. Rg8 {Le pion g7 tombe et les
pions blancs sont des monstres!} 1-0